| 000 | 00761cab a2200229 4500 | ||
|---|---|---|---|
| 001 | ABS43947 | ||
| 008 | 090401t1991 xxu||||| |||| 00| 0 eng d | ||
| 035 | _a(Sirsi) u44404 | ||
| 041 | _aeng | ||
| 245 | _aHeating by wind turbine: cutting global warming | ||
| 260 | _c1991 | ||
| 350 | _a0 | ||
| 490 |
_aArchitects` Journal _v193(5) 30 January 1991, 51-52(2) |
||
| 520 | _aReports on a successful pilot scheme in Wester Ross in Scotland where a wind turbine is being used to provide heating , lighting and power for a primary school. | ||
| 650 | _aALTERNATIVE SOURCES | ||
| 650 | _aGLOBAL WARMING | ||
| 650 | _aGREENHOUSE EFFECT | ||
| 650 | _aWIND POWER | ||
| 690 | _aENVIRONMENTAL AND LAND CONSULTANCY-ENERGY | ||
| 942 | _n0 | ||
| 948 | _c04/03/1997 | ||
| 999 |
_c28259 _d28259 |
||